000
00276nam a22001217a 4500
008
170620b xxu||||| |||| 00| 0 eng d
041
_a
eng
080
_a
32
100
_a
20
101
_a
SHP
245
_a
SETTING NATIONAL PRIORTIES 1980
_c
BOSWORTH.B.P
942
_2
udc
_c
BK
999
_c
18301
_d
18301